000 nam a22 7a 4500
999 _c9676
_d9676
008 180206b ||||| |||| 00| 0 eng d
100 _aUppal, S
_95794
245 _aA Pact with the sun english -VI
260 _aNew Delhi
_bNCERT
_c2006